| 000 | 01465nam a2200361 a 4500 | ||
|---|---|---|---|
| 001 | 000112406 | ||
| 003 | CHAP | ||
| 005 | 20220329144304.0 | ||
| 008 | 160310s2015 mx a fsm |||||||spa d | ||
| 010 | _a108867 | ||
| 011 | _a109839 | ||
| 040 | _cCHAP | ||
| 090 | _aTesis | ||
| 100 | 1 |
_aSolís Molina, Cristóbal Bonifacio. _9130669 |
|
| 245 | 1 | 0 |
_aEstrategia de producción y reproducción social de una comunidad indígena : _h[En línea] _bel corralito1, municipio de San Cristóbal de las Casas, Chiapas / _cpor Cristóbal Bonifacio Solís Molina. |
| 260 |
_aChapingo, Méx. : _bEl autor, _c2015. |
||
| 500 | _aPara ver el contenido del material haga clic en la liga | ||
| 502 | _aTesis (M.C. en Desarrollo Rural Regional) -- UACH. Dirección de Centros Regionales Universitarios | ||
| 590 |
_aBATCH-UPD _b05 _c20180802 _lUCH01 _h0851 |
||
| 590 |
_aE5995AHE _b05 _c20160310 _lUCH01 _h0928 |
||
| 590 |
_aE5995AHE _b05 _c20160310 _lUCH01 _h1029 |
||
| 590 |
_aE5995AHE _b05 _c20160310 _lUCH01 _h1030 |
||
| 590 |
_aE5995AHE _b05 _c20160310 _lUCH01 _h1249 |
||
| 590 |
_aE5995AHE _b05 _c20160310 _lUCH01 _h1250 |
||
| 590 |
_aE5995AHE _b05 _c20160310 _lUCH01 _h1250 |
||
| 650 | 1 | 4 |
_aChiapas _xCondiciones sociales. _922227 |
| 650 | 1 | 4 |
_aDesarrollo de la comunidad rural _zChiapas. _932034 |
| 651 | 1 | 4 |
_aChiapas _xCondiciones económicas. _922225 |
| 856 |
_aFinding aid _uhttp://10.13.5.2/tesis/sist112406.pdf _zTeclea aquí |
||
| 901 | _aBK | ||
| 942 | _cTESIS | ||
| 942 | _n0 | ||
| 999 |
_c108867 _d108867 |
||